Dog man : (Record no. 13807)

000 -LEADER
fixed length control field 01565cam a2200289 i 4500
020 ## - ISBN
ISBN 9781338741087
050 00 - LIBRARY OF CONGRESS CALL NUMBER
Classification number PZ7.7.P53
082 00 - DEWEY DECIMAL CLASSIFICATION NUMBER
Classification number Fic. P639d 2019 Bk.6
Edition number 23
100 1# - MAIN ENTRY--PERSONAL NAME
Personal name Pilkey, Dav,
Dates associated with a name 1966-
245 10 - TITLE STATEMENT
Title Dog man :
Remainder of title brawl of the wild /
Statement of responsibility, etc. written and illustrated by Dav Pilkey as George Beard and Harold Hutchins ; with color by Jose Garibaldi.
260 ## - PUBLICATION, DISTRIBUTION, ETC. (IMPRINT)
Place of publication, distribution, etc. Singapore
Name of publisher, distributor, etc. Scholastic
Date of publication, distribution, etc. c2019
300 ## - PHYSICAL DESCRIPTION
Extent/Page number 221 pages :
Other physical details color illustrations ;
Dimensions 21.25 x 14 cm
337 ## - MEDIA TYPE
Media type term unmediated
Media type code n
490 0# - SERIES STATEMENT
Series statement Dog Man ;
Volume/sequential designation 6
504 ## - BIBLIOGRAPHY, ETC. NOTE
Bibliography, etc Lexile level - 260
505 0# - FORMATTED CONTENTS NOTE
Formatted Contents Note Fore-foreword: Dog man: behind the profundity -- Foreword; George and Harold's recap of our story thus far -- Two messages -- The sad guys -- Things get worse! -- A bunch stuff that happened next -- Dog jail blues -- Even more stuff happens! -- Girl power! -- Help is on the way -- Dog man: the major motion picture -- The great cat's bee -- March of the misfits -- Sarah Hatoff news blog -- How to draw
520 ## - SUMMARY, ETC.
Summary, etc. Is Dog Man bad to the bone? The heroic hound is sent to the pound for a crime he didn't commit! While his pals work to prove his innocence, Dog Man struggles to find his place among dogs and people. Being a part of both worlds, will he ever fully fit in with one?
526 ## - STUDY PROGRAM INFORMATION NOTE
PROGRAM TYPE FICTION
650 #1 - SUBJECT ADDED ENTRY--TOPICAL TERM
Topical term or geographic name as entry element Graphic novels.
650 #1 - SUBJECT ADDED ENTRY--TOPICAL TERM
Topical term or geographic name as entry element Humorous stories.
650 #1 - SUBJECT ADDED ENTRY--TOPICAL TERM
Topical term or geographic name as entry element Dogs -- Juvenile fiction.
650 #1 - SUBJECT ADDED ENTRY--TOPICAL TERM
Topical term or geographic name as entry element Cats -- Juvenile fiction.
650 #1 - SUBJECT ADDED ENTRY--TOPICAL TERM
Topical term or geographic name as entry element Police -- Juvenile fiction.
650 #1 - SUBJECT ADDED ENTRY--TOPICAL TERM
Topical term or geographic name as entry element Adventure and adventurers.
700 1# - ADDED ENTRY--PERSONAL NAME/OTHER AUTHORS
Personal name Garibaldi, Jose,
942 ## - ADDED ENTRY ELEMENTS
Classification
Item type Book
Holdings
Withdrawn status Lost status Source of classification or shelving scheme Damaged status Not for loan Collection code Permanent Location Current Location Shelving location Date acquired Source of acquisition Cost, normal purchase price Full call number Barcode Date last seen Cost, replacement price Price effective from Item type
          Fiction Grade School Library Grade School Library Fiction 2026-02-03 MIBF 699.00 Fic. P639d 2019 Bk.6 GS5751 2026-02-03 1300.00 2026-02-03 Book